[Event "Valles Occidental-ch U10 qual"]
[Site "Sabadell"]
[Date "2012.02.25"]
[Round "5.1"]
[White "Iorio Canto, Dario"]
[Black "Rivera Cabanillas, Alejandro"]
[Result "0-1"]
[WhiteElo "1719"]
[BlackElo "1720"]
[PlyCount "68"]
[EventDate "2012.01.28"]
[EventType "swiss"]
[EventRounds "6"]
[EventCountry "ESP"]
[SourceTitle "EXT 2024"]
[Source "ChessBase"]
[SourceDate "2023.10.10"]
[SourceVersion "1"]
[SourceVersionDate "2023.10.10"]
[SourceQuality "1"]

1. d4 d5 2. e3 e6 3. h3 c6 4. Nf3 f5 5. Be2 Nf6 6. 0-0 Nbd7 7. c4 Bd6 8. Nbd2 0-0 9. Qc2 Qe8 10. a3 Qg6 11. Nh4 Qg5 12. Nhf3 Qh5 13. b4 Ne4 14. Bd3 Ndf6 15. c5 Bc7 16. Be2 Ng5 17. Nxg5 Qxg5 18. Nf3 Qg6 19. Ne5 Qg5 20. e4 Qh4 21. exf5 exf5 22. f3 Qg3 23. f4 Bd7 24. Rb1 Be8 25. Rf3 Qe1+ 26. Rf1 Qh4 27. Qxf5 g6 28. Qe6+ Bf7 29. Qe7 Bd8 30. Qxb7 Ne4 31. Qxa8 Nc3 32. Kh2 Nxe2 33. Rf3 Be6 34. g3 Qxh3# 0-1